Objective General English: (Record no. 198698)
[ view plain ]
| 000 -LEADER | |
|---|---|
| fixed length control field | 00572nam a22001817a 4500 |
| 005 - DATE AND TIME OF LATEST TRANSACTION | |
| control field | 20231005132959.0 |
| 020 ## - INTERNATIONAL STANDARD BOOK NUMBER | |
| International Standard Book Number | 9789390389728 |
| Terms of availability | 495.00 |
| 082 ## - DEWEY DECIMAL CLASSIFICATION NUMBER | |
| Classification number | 000 |
| Edition number | First |
| 100 ## - MAIN ENTRY--PERSONAL NAME | |
| Personal name | Goyal, R.K. |
| 245 ## - TITLE STATEMENT | |
| Title | Objective General English: |
| Remainder of title | For All Competitive Examinations/ |
| Statement of responsibility, etc | by R.K. Goyal |
| 250 ## - EDITION STATEMENT | |
| Edition statement | First |
| 260 ## - PUBLICATION, DISTRIBUTION, ETC. (IMPRINT) | |
| Place of publication, distribution, etc | Delhi |
| Name of publisher, distributor, etc | Prabhat Paperbacks |
| Date of publication, distribution, etc | 2022 |
| 270 ## - ADDRESS | |
| Address | 4/19 Asaf Ali Road |
| City | New Delhi |
| Postal code | 110002 |
| 300 ## - PHYSICAL DESCRIPTION | |
| Extent | iii, vp. |
| Other physical details | 23cm(pbk) |
| 700 ## - ADDED ENTRY--PERSONAL NAME | |
| 9 (RLIN) | 57678 |
| 942 ## - ADDED ENTRY ELEMENTS (KOHA) | |
| Source of classification or shelving scheme | Dewey Decimal Classification |
| Item type | English Books |
| Classification part | 000 |
| Call number suffix | GOY |
| Withdrawn status | Lost status | Not for loan | Collection code | Home library | Current library | Date acquired | Source of acquisition | Cost, normal purchase price | Full call number | Barcode | Copy number | Cost, replacement price | Koha item type |
|---|---|---|---|---|---|---|---|---|---|---|---|---|---|
| Non-fiction | Mobile Library | Mobile Library | 05/10/2023 | gift/4.09.23 | 495.00 | 000 GOY | B-755896 | 1 | 495.00 | English Books |
